Score 0/10 Timer 10:00
0 Plays Today
Hint Corrie Couples % Correct
Kym Marsh and Simon GregsonMichelle and Steve
88.4%
Paula Lane and Jack P. ShepherdKylie and David
83.5%
Catherine Tyldesley and Ryan ThomasEva and Jason
80.7%
Jennie Mcalpine and Alan HalsallFiz and Tyrone
78.7%
Debbie Rush and Ian-Puleston DaviesAnna and Owen
77.9%
Georgia May Foote and Sam AstonKaty and Chesney
74.3%
Jane Danson and Jimi MistryLeanne and Kal
69.9%
Sair Khan and Mikey North Alya and Gary
65.5%
Beverley Callard and Terence MaynardLiz and Tony
57.8%
Tisha Merry and Oliver FarnworthSteph and Gavin
36.9%
Remove Ads.
Support Sporcle.
Get the best of Sporcle when you Go Orange. This ad-free experience offers more features, more stats, and more fun while also helping to support Sporcle. Thank you for becoming a member.

You're not logged in!

Compare scores with friends on all Sporcle quizzes.
OR
Log In

Show Comments

Extras

Created Dec 23, 2014ReportNominate
Tags:couple

Top Quizzes Today


Score Distribution

Your Account Isn't Verified!

In order to create a playlist on Sporcle, you need to verify the email address you used during registration. Go to your Sporcle Settings to finish the process.

Report this User

Report this user for behavior that violates our Community Guidelines.

Details: